LEADER 01041naa a2200229 u 4500 001 000000095563 003 CaOOAMICUS 005 20070226130143.0 008 040705s1986 it u000 u ita u 020 $a8806593412 035 $a11002981 040 $aIAR$bita 100 1 $aProsperi, Adriano,$d1939-$0(OLS)http://pul/name/30551 245 13$aLa figura del vescovo fra Quattro e Cinquecento :$bpersistenze, disagi e novità /$cAdriano Prosperi. 260 $aTorino :$bGiulio Einaudi,$c1986. 300 $aS. 218-263, ;$c22 cm 650 4$aVescovi$zItalia$ySec. XV-XVI.$0(OLS)http://pul/subject/30400 773 0 $aStoria d'Italia (Giulio Einaudi ed.)$gAnnali 9. 773 0 $tStoria d'Italia. Annali. 9, La Chiesa e il potere politico dal Medioevo all'età contemporanea$w()28851 996 $6020$a8806593412$9(OLS)http://pul/number/35870 996 $6245$aLa figura del vescovo fra Quattro e Cinquecento :$bpersistenze, disagi e novità$9(OLS)http://pul/title/122440 996 $6260$aTorino :$bGiulio Einaudi$9(OLS)http://pul/publisher/54573 LEADER 01075nam a2200253 u 4500 001 000000088170 003 CaOOAMICUS 005 20070226124502.0 008 051026s1961 bl u000 u fre u 035 $a11065656 040 $aPUL(R)$bita 041 1 $afre$heng 100 1 $aOliveira, Ramos de.$0(OLS)http://pul/name/57382 245 13$aLa Démocratie dans les deux amériques /$cRamos De Oliveira ; traduction de Marie Louise Toselli et Marie S. Moniz. 250 $a[2e éd. française augmentée]. 260 $aBrésil :$b[Editôra Lar Catòlico],$c1961. 300 $a99 p. ;$c18 cm 651 4$aBrasile$xStoria.$0(OLS)http://pul/subject/14984 651 4$aStati Uniti$xStoria.$0(OLS)http://pul/subject/19707 850 $aPUL 852 $aPUL$W1$xDP1 Fondo Pastorale$y55$mP4 D 52$j111701$nBK-PRI$b $qFondi$B111701$CPULBib$Z2$F111701 $HPUL2988 $81 941 1 $a1 996 $6245$aLa Démocratie dans les deux amériques$9(OLS)http://pul/title/113978 996 $6260$aBrésil :$b[Editôra Lar Catòlico]$9(OLS)http://pul/publisher/77850